000
00303 a2200121 4500
000
nam a22 7a 4500
005
20260302120741.0
020
_a
9789385144738
100
_a
Prithvi Paasvaan
_9
1123463
245
_a
Yog darshan ke vividh aayam
260
_b
Shivalik Prakashan
_c
2024
942
_c
TEXL
999
_c
1688370
_d
1688370